20 największych miast Szkocji - Statystyki

Ogólne statystyki
  • Ten quiz został rozwiązany 105 razy
  • Średni wynik to 5 z 20
Statystyki odpowiedzi
Populacja Miasto % Poprawnych
612,040 Glasgow
96%
488,050 Edynburg
92%
200,680 Aberdeen
78%
148,280 Dundee
65%
47,290 Inverness
47%
47,430 Perth
22%
37,610 Stirling
18%
46,770 Kilmarnock
16%
54,080 Hamilton
15%
57,030 Livingston
15%
46,780 Ayr
12%
77,220 Paisley
12%
53,100 Dunfermline
7%
42,680 Greenock
7%
75,120 East Kilbride
5%
50,920 Cumbernauld
4%
50,010 Kirkcaldy
4%
38,510 Glenrothes
2%
37,410 Airdrie
1%
43,960 Coatbridge
1%
Nie znaleziono quizów pasujących do podanych kryteriów
Rozkład punktacji
Procent ludzi z każdym wynikiem
Percentyl według liczby udzielonych odpowiedzi
Twoja historia wyników
Nie rozwiązałeś tego quizu